000 00759nam a2200229Ii 4500
003 JO-AjNU
008 230605s9999||||xx |||||||||||||| ||und||
017 _a2001/8/1656
020 _a9957-07-260-9
040 _aJO-AjNU
_bara
_erda
_cJO-AjNU
041 _aara
050 1 4 _aPJ6184.H3782 2001
100 3 _aتاليف الحسن، شاهر,
_eauthor
_941326
245 0 0 _aعلم الدلالة السمانتيكية والبراجماتية في اللغة العربية
250 _aط1
264 3 1 _aعمان: دار الفكر، 2001
300 _a202ص
336 _atext
_btxt
_2rdacontent
337 _aunmediated
_bn
_2rdamedia
338 _avolume
_bnc
_2rdacarrier
650 4 _aعلم الدلالة-علم اللغة-اشتقاق
_941327
999 _aA17611
_c21179
_d21179